| 000 | 01121nam0a22003251 4500 | ||
|---|---|---|---|
| 001 | 2561763 | ||
| 005 | 20251118181728.1 | ||
| 021 |
_aRU _b80-1610 |
||
| 035 | _a(NLR Aleph) 006446807 | ||
| 090 |
_a5697257 _c5697257 |
||
| 100 | _a20110316d1979 u y0rusy50 ca | ||
| 101 | 0 | _arus | |
| 102 | _aRU | ||
| 105 | _aa z ||||| | ||
| 200 | 1 |
_aТоржок _eОфорты С.М. Никиреева _fВступ. статья М. Гордина |
|
| 210 |
_aЛенинград _cХудож. РСФСР _d1979 |
||
| 215 |
_a[6] с., 6 отд. л. ил. в папке _d49 |
||
| 225 | 1 | _aПушкинские места | |
| 686 |
_aЩ153(2Р=Р)7-8Никиреев,С.43я61 _2rubbk |
||
| 686 |
_aН091.14Торжок _2rubbk |
||
| 686 |
_aЩ155.515.43(2Р=Р)7-390(2Р)Торжок.я61 _2rubbk |
||
| 686 |
_aШ5(2=Р)51-4ПушкинА.С.28я61 _2rubbk |
||
| 700 | 1 |
_aНикиреев _bС.М. _gСтанислав Михайлович |
|
| 702 | 1 |
_aГордин _bМ. _4080 |
|
| 801 | 0 |
_aRU _bNLR _gpsbo |
|
| 801 | 1 |
_aRU _bELAR _2rusmarc |
|
| 852 |
_aNLR _jDesideratum |
||
| 899 |
_aRuMoRGB _jИЗО |
||
| 942 | _cBOOK | ||
| 980 | _aNB | ||